00353nam a2200121Ia 4500008004100000041001200041100001900053245008300072260003100155300000800186650001600194700002100210221030s9999 xx 000 0 und d aEnglish aS. D. Lockwood 0aJava TM API For Dummies : Quick Referencecby S. D. Lockwood, M. Siddalingaiah bIDG BooksaNew Delhic1997 a224 aBB Computer aM. Siddalingaiah